| 000 | 01432cad a22002415a 4500 | ||
|---|---|---|---|
| 001 | L153970 | ||
| 008 | 110928s2011 xxk f 000 0 eng d | ||
| 020 | _a9781859464236 | ||
| 035 | _a(Sirsi) u153970 | ||
| 041 | 0 | _aeng | |
| 110 | 2 |
_aRoyal Institute of British Architects _92527 |
|
| 245 | 0 | 2 |
_aA guide for assisted living _btowards LifeHome 21 _h[electronic resource] |
| 260 |
_a[S.l.] _bRIBA _c2011 |
||
| 520 | _aThe built environment, and the way in which it is designed and adapted to meet the needs of people with different levels of mobility and capability, and throughout their life is clearly a key factor if people are to be supported to remain in their homes for as long as possible. This guide looks at Lifetime Homes principles and existing codes and standards, best practice in the design of smart homes, evolving assisted living concepts arising from recent developments in technology and associated services, suggested areas for future research. | ||
| 521 | _aAdvanced | ||
| 590 | _aKA NTK | ||
| 651 | 4 |
_aUnited Kingdom _y |
|
| 690 | _aBUILT ENVIRONMENT-BUILDING STANDARDS | ||
| 690 | _aPROPERTY-RESIDENTIAL PROPERTY-DOMESTIC RESIDENTIAL PROPERTY-HOUSING | ||
| 710 | 1 | _aBuilding Research Establishment | |
| 856 | 4 | 0 |
_uhttps://www.architecture.com/Files/RIBAProfessionalServices/Practice/GuidfetoAssistedLiving/AGuideforAssistedLiving.pdf _zView the guide free of charge at www.architecture.com |
| 942 | _n0 | ||
| 999 |
_c112787 _d112787 |
||